| 000 | 00542nam a2200205Ia 4500 | ||
|---|---|---|---|
| 005 | 20251121151943.0 | ||
| 008 | 230125s9999 xx 000 0 und d | ||
| 020 | _a9781626568914 | ||
| 041 | _aeng | ||
| 082 |
_a158.1 _bLEI |
||
| 100 |
_aLeider R _9215296 |
||
| 245 |
_aWork Reimagined _bUncover Your Calling |
||
| 260 |
_c2015 _bHarper Collins Publishers _aIndia |
||
| 300 | _a160p | ||
| 500 | _aPersonality Development | ||
| 650 |
_aPersonality Development _9213420 |
||
| 700 |
_aLeider R _9215296 |
||
| 906 | _b123.69 | ||
| 942 | _cBK | ||
| 999 |
_c94510 _d94510 |
||